00638nam a22001817a 4500003000200000005001700002008004100019020002200060050002300082100002800105245007900133260005300212300002800265504005100293650004400344650004700388700002100435020250331134357.0250331b xxu||||| |||| 00| 0 eng d a978-1-80061-431-4 aHG 1501b.B36 2024 aBoubaker, Sabri, editor aBanking resilience and global financial stability.cSabri Boubaker, editor aLondonbWorld Scientific Publishing Europec2024 axxix, 425 pages;c24cm. aIncludes bibliographical references and index. aBanking stability​--Financial crises. aInternational finance--banking resilience. aElnahass, Marwa.